| 000 | 02616cam a2200601Ki 4500 | ||
|---|---|---|---|
| 001 | ocn884300449 | ||
| 003 | OCoLC | ||
| 005 | 20201110142814.0 | ||
| 008 | 140721t20152014nyuab j b 001 0 eng d | ||
| 040 |
_aYDXCP _beng _cYDXCP _dBTCTA _dBDX _dRNL _dOCLCO _dIFJ _dOCLCF _dOCL _dOCLCQ _dCHILD _dJDP _dOCLCO _dOCL _dHHO _dOCL _dOCLCO _dWACOL |
||
| 019 |
_a884311454 _a921822215 _a1003103738 |
||
| 020 | _a1250062918 | ||
| 020 | _a9781250062918 | ||
| 029 | 1 |
_aAU@ _b000055420208 |
|
| 035 |
_a(OCoLC)884300449 _z(OCoLC)884311454 _z(OCoLC)921822215 _z(OCoLC)1003103738 |
||
| 043 | _ae-fr--- | ||
| 050 | 1 | 4 |
_aD756.5.N6 _bA75 2015 |
| 082 | 0 | 4 |
_a940.542142 _223 |
| 092 |
_a940.54 _bAtk |
||
| 049 | _aWACL | ||
| 100 | 1 |
_aAtkinson, Rick. _932385 |
|
| 245 | 1 | 0 |
_aD-Day : _bthe invasion of Normandy, 1944. |
| 250 | _aFirst Square Fish edition : 2015. | ||
| 264 | 1 |
_aNew York : _bSquare Fish, _c2015. |
|
| 264 | 4 | _c�2014 | |
| 300 |
_axviii, 216 pages : _billustrations, maps ; _c21 cm |
||
| 336 | _atext | ||
| 337 | _aunmediated | ||
| 338 | _avolume | ||
| 500 | _a"Based on the book The Guns at Last Light by Rick Atkinson, published by Henry Holt and Company, LLC"--Title page verso. | ||
| 520 | _aPresents a young reader's adaptation of "The Guns at Last Light," tracing the Battle of Normandy and the Allied liberation of Western Europe through the end of World War II. | ||
| 504 | _aIncludes bibliographical references (page 210) and index. | ||
| 521 |
_aJunior Nonfiction _bBaker & Taylor |
||
| 650 | 0 |
_aWorld War, 1939-1945 _xCampaigns _zFrance _zNormandy _vJuvenile literature. _95706894 |
|
| 650 | 7 |
_aMilitary campaigns. _2fast _0(OCoLC)fst01710190 _95686472 |
|
| 651 | 7 |
_aFrance _zNormandy. _2fast _0(OCoLC)fst01210709 _95686473 |
|
| 650 | 1 |
_aWorld War, 1939-1945 _xCampaigns _yFrance. _96384777 |
|
| 650 | 7 |
_aWorld War, 1939-1945 _xCampaigns _yFrance. _2sears _96384777 |
|
| 651 | 7 |
_aFrance _zNormandy. _2sears _95686473 |
|
| 651 | 1 |
_aFrance _zNormandy. _95686473 |
|
| 647 | 7 |
_aWorld War _d(1939-1945) _2fast _0(OCoLC)fst01180924 |
|
| 648 | 7 |
_a1939-1945 _2fast _95678715 |
|
| 655 | 7 |
_aLiterature. _2fast _0(OCoLC)fst01921716 _95737092 |
|
| 655 | 7 |
_aJuvenile works. _2fast _0(OCoLC)fst01411637 _95673941 |
|
| 655 | 7 |
_aJuvenile works. _2lcgft _95673941 |
|
| 655 | 7 |
_aLiterature. _2lcgft _95737092 |
|
| 700 | 1 |
_aAtkinson, Rick. _tGuns at last light. _95891046 |
|
| 938 |
_aChildren's Plus, Inc. _bCHIL _n1909535 |
||
| 938 |
_aBrodart _bBROD _n109948157 |
||
| 938 |
_aBaker and Taylor _bBTCP _nBK0015304172 |
||
| 938 |
_aYBP Library Services _bYANK _n11979198 |
||
| 994 |
_aC0 _bWACOL |
||
| 999 |
_c355530 _d355530 |
||